Analysing Strategic Environmental Assessment : Towards Better Decision-Making

Salvato in:
Dettagli Bibliografici
Altri autori: Caratti, Pietro (Redattore), Dalkmann, Holger (Redattore), Jiliberto, Rodrigo (Redattore)
Natura: Libro
Lingua:inglese
Pubblicazione: Cheltenham : Edward Elgar, 2004
Serie:The Fondazione Eni Enrico Mattei (FEEM) series on economics and the environment
Soggetti:
Tags: Aggiungi Tag
Nessun Tag, puoi essere il primo ad aggiungerne!!

MARC

LEADER 00000nam a22000003a 4500
001 stu266726
005 20150617230222.5
008 130515s2004----uk------------------eng-d
020 |a 1-84376-448-2 
040 |a STU  |b slo 
041 0 |a eng 
044 |a uk 
100 1 |a Caratti, Pietro  |4 edt 
245 1 |a Analysing Strategic Environmental Assessment :  |b Towards Better Decision-Making 
260 |a Cheltenham :  |b Edward Elgar,  |c 2004 
300 |a 198 s 
650 7 |a environmentalistika  |2 stusub 
650 7 |a strategický manažment  |2 stusub 
700 1 |a Dalkmann, Holger  |4 edt 
700 1 |a Jiliberto, Rodrigo  |4 edt 
830 0 |a The Fondazione Eni Enrico Mattei (FEEM) series on economics and the environment 
996 |b 284M085134  |c M*13490-1  |l MMKN  |s A  |a 24  |w stu266726_0001